[Event "Malaga op 13th"]
[Site "Malaga"]
[Date "2010.02.27"]
[Round "9"]
[White "Anaya Lopez, Victor Jose"]
[Black "Navia Martin, Sergio"]
[Result "1-0"]
[WhiteElo "2157"]
[BlackElo "1953"]
[PlyCount "81"]
[EventDate "2010.02.20"]
[EventType "swiss"]
[EventRounds "9"]
[EventCountry "ESP"]
[SourceTitle "CBM 135 Extra"]
[Source "ChessBase"]
[SourceDate "2010.05.04"]
[SourceVersion "1"]
[SourceVersionDate "2010.05.04"]
[SourceQuality "1"]

1. e4 c5 2. Nf3 d6 3. d4 cxd4 4. Nxd4 Nf6 5. Nc3 a6 6. Bg5 e6 7. f4 Nc6 8. e5 dxe5 9. Nxc6 Qxd1+ 10. Rxd1 bxc6 11. fxe5 Nd5 12. Ne4 Be7 13. Bd2 Rb8 14. b3 f5 15. exf6 gxf6 16. Be2 h5 17. c4 Nb4 18. 0-0 f5 19. Bc3 0-0 20. Be5 Ra8 21. Nd6 Bf6 22. Bxf6 Rxf6 23. Rd2 a5 24. Bxh5 Rb8 25. Be8 Bb7 26. a3 Na6 27. Rf3 Nc5 28. b4 axb4 29. axb4 Na6 30. Nxb7 Rxb7 31. b5 cxb5 32. cxb5 Nc5 33. Bc6 Rb8 34. Rd6 Kf7 35. Rc3 Na4 36. Rd7+ Kg8 37. Rg3+ Kf8 38. Rh3 Rb6 39. Ra7 Nc5 40. Rc3 Ne4 41. Bxe4 1-0

[Event "Malaga op 13th"]
[Site "Malaga"]
[Date "2010.02.26"]
[Round "8"]
[White "Navia Martin, Sergio"]
[Black "Gutierrez Castillo, Paloma"]
[Result "0-1"]
[WhiteElo "1953"]
[BlackElo "2161"]
[PlyCount "82"]
[EventDate "2010.02.20"]
[EventType "swiss"]
[EventRounds "9"]
[EventCountry "ESP"]
[SourceTitle "CBM 135 Extra"]
[Source "ChessBase"]
[SourceDate "2010.05.04"]
[SourceVersion "1"]
[SourceVersionDate "2010.05.04"]
[SourceQuality "1"]

1. d4 Nf6 2. c4 g6 3. Nc3 Bg7 4. g3 d6 5. Bg2 0-0 6. Nf3 Nbd7 7. 0-0 e5 8. e4 exd4 9. Nxd4 Re8 10. h3 a6 11. Re1 Rb8 12. f4 c5 13. Nf3 b5 14. Qxd6 b4 15. Nd5 Nxe4 16. Qc7 Bb7 17. Qxd8 Rbxd8 18. Kh2 Bxd5 19. cxd5 Nef6 20. Rd1 Nb6 21. d6 Nc8 22. Ne5 Rxd6 23. Be3 Nd7 24. Bc6 Bxe5 25. Bxd7 Rxd7 26. Rxd7 Bxb2 27. Rb1 Nb6 28. Rb7 Na4 29. Bc1 Re2+ 30. Kg1 Re1+ 31. Kf2 Rxc1 32. Rxc1 Bxc1 33. Ra7 Nc3 34. Rxa6 Ba3 35. Rc6 Nxa2 36. Rxc5 b3 37. Rb5 b2 38. Rb3 Nc3 39. g4 b1Q 40. Rxb1 Nxb1 41. f5 g5 0-1

[Event "ESP-ch U16"]
[Site "Padron"]
[Date "2008.07.24"]
[Round "8"]
[White "Navia Martin, Sergio"]
[Black "Pozueta Alegria, Adrian"]
[Result "0-1"]
[WhiteElo "1919"]
[BlackElo "2016"]
[PlyCount "116"]
[EventDate "2008.07.20"]
[EventType "swiss"]
[EventRounds "9"]
[EventCountry "ESP"]
[SourceTitle "EXT 2010"]
[Source "ChessBase"]
[SourceDate "2010.11.25"]
[SourceVersion "1"]
[SourceVersionDate "2010.11.25"]
[SourceQuality "1"]

1. d4 Nf6 2. c4 e5 3. dxe5 Ng4 4. Nf3 Nc6 5. Bg5 Be7 6. Bxe7 Qxe7 7. e3 Ngxe5 8. Nxe5 Nxe5 9. Be2 0-0 10. 0-0 d6 11. Nc3 Be6 12. b3 f5 13. f4 Nd7 14. Rf3 a5 15. Nd5 Qd8 16. Rg3 Nf6 17. Qd4 a4 18. b4 Bxd5 19. cxd5 Re8 20. Bd3 c6 21. dxc6 bxc6 22. Bxf5 d5 23. Rc1 Qd6 24. a3 g6 25. Bd3 Rac8 26. Rf3 Rc7 27. h3 Rce7 28. Kf2 Ne4+ 29. Bxe4 Rxe4 30. Qc5 Qf6 31. Qxc6 Qh4+ 32. g3 Qxh3 33. Qxd5+ Kh8 34. Rg1 Qc8 35. Qc5 Qxc5 36. bxc5 Rc4 37. Rd1 Rxc5 38. Rd4 Rc2+ 39. Ke1 Rb8 40. Kd1 Ra2 41. Rb4 Rd8+ 42. Kc1 Rxa3 43. f5 gxf5 44. Rxf5 Rdd3 45. Rg5 Rac3+ 46. Kb2 Rb3+ 47. Rxb3 Rxb3+ 48. Ka2 Rxe3 49. g4 Rg3 50. Kb2 h6 51. Rh5 Kg7 52. Rh4 Kg6 53. g5 a3+ 54. Ka2 Kxg5 55. Ra4 h5 56. Ra8 h4 57. Rg8+ Kh5 58. Rh8+ Kg4 0-1

[Event "ESP-ch U16"]
[Site "Padron"]
[Date "2008.07.22"]
[Round "4"]
[White "Navia Martin, Sergio"]
[Black "Anaya Lopez, Victor Jose"]
[Result "0-1"]
[WhiteElo "1919"]
[BlackElo "1944"]
[PlyCount "124"]
[EventDate "2008.07.20"]
[EventType "swiss"]
[EventRounds "9"]
[EventCountry "ESP"]
[SourceTitle "EXT 2010"]
[Source "ChessBase"]
[SourceDate "2010.11.25"]
[SourceVersion "1"]
[SourceVersionDate "2010.11.25"]
[SourceQuality "1"]

1. d4 Nf6 2. c4 c5 3. d5 e5 4. Nc3 d6 5. e4 Be7 6. g3 0-0 7. Bg2 Nbd7 8. Nge2 Ne8 9. 0-0 g6 10. Be3 Ng7 11. Qd2 Kh8 12. f3 f5 13. h3 Nf6 14. Kh2 Nfh5 15. g4 f4 16. Bf2 Nf6 17. Rh1 a6 18. a4 b6 19. Qd3 Kg8 20. Kg1 Rb8 21. b3 Bd7 22. Nd1 Rb7 23. Nb2 Qb8 24. Nc1 Qc8 25. Rh2 h6 26. Qe2 Nh7 27. Bf1 Qd8 28. Be1 h5 29. Qg2 Rf7 30. Ra2 Bh4 31. Bxh4 Qxh4 32. Qf2 Qd8 33. Be2 Ng5 34. Kf1 Nh7 35. Rg2 Kh8 36. Bd1 Rb8 37. Ncd3 Qe7 38. Ra1 Rbf8 39. Ne1 Bc8 40. Rc1 Bd7 41. Ra1 Rc8 42. Ned3 Rcf8 43. Ne1 Ne8 44. Rc1 Nc7 45. Rc3 b5 46. Ned3 Rb8 47. a5 Ne8 48. Ke1 Qd8 49. cxb5 axb5 50. b4 cxb4 51. Nxb4 Qxa5 52. N2d3 Nef6 53. gxh5 gxh5 54. h4 Rff8 55. Qb2 Rg8 56. Rxg8+ Rxg8 57. Ra3 Rg1+ 58. Kd2 Qb6 59. Qc1 Rg8 60. Nc6 b4 61. Rb3 Rg2+ 62. Be2 Qe3+ 0-1